Euskel irakaspidea o sea gramática del euskera dialecto guipuzkoano
Сохранить в:
| Главный автор: | |
|---|---|
| Формат: | |
| Язык: | каталанский испанский |
| Опубликовано: |
Barcelona
Tipografía San Buenaventura
1919
|
| Предметы: | |
| Метки: |
Добавить метку
Нет меток, Требуется 1-ая метка записи!
|
MARC
| LEADER | 00000nam a2200000 a 4500 | ||
|---|---|---|---|
| 001 | UCI4825 | ||
| 003 | CL-VaPUC | ||
| 008 | 080307e19190000SP |||||||||||||||||cat|d | ||
| 041 | 0 | 7 | |a cat |2 CL-VaPUC |
| 041 | 0 | 7 | |a spa |2 CL-VaPUC |
| 082 | 0 | 4 | |a 449.95 |b ARR |2 21 |
| 100 | 0 | |a Arrigarai, B. de |e author |9 526872 | |
| 245 | 1 | 0 | |a Euskel irakaspidea o sea gramática del euskera dialecto guipuzkoano |
| 300 | |a 370 p | ||
| 942 | |c BK | ||
| 945 | |d 20080307 00:00:00 |a rbrito | ||
| 260 | |a Barcelona |b Tipografía San Buenaventura |c 1919 | ||
| 500 | |a Donación padres capuchinos | ||
| 650 | 7 | |a CATALAN GRAMATICA |2 CL-VaPUC |9 526873 | |
| 650 | 7 | |a CATALAN |2 CL-VaPUC |9 346633 | |
| 650 | 7 | |a ENSEÑANZA DEL CATALAN |2 CL-VaPUC |9 462015 | |
| 650 | 0 | |a Enseñanza de idiomas |9 339820 | |
| 583 | |a last modification |c 20080307 00:00:00 |k Rodrigo Vera | ||
| 999 | |c 328672 |d 328670 | ||
| 952 | |0 0 |1 0 |4 0 |6 449_950000000000000_ARR_1919 |7 0 |8 X |9 412743 |a FDOBUD |b FDOBUD |d 2019-11-22 |i 4407709 |o 449.95 ARR 1919 |p 4407709 |r 2019-11-22 |w 2019-11-22 |y BK_X |k BUD | ||